FIFA World Cup 2026 - Ivory Coast Squad - Statistics

General Stats
  • This quiz has been taken 4 times
  • The average score is 14 of 27
Answer Stats
Team # Position Club/Country Player % Correct
Ivory Coast 15 RW Manchester United Amad Diallo
100%
Ivory Coast 18 DM Nottingham Forest Ibrahim Sangaré
100%
Ivory Coast 17 RB RC Strasbourg Alsace Guéla Doué
75%
Ivory Coast 19 RW Villareal CF Nicolas Pépé
75%
Ivory Coast 7 CB Atalanta BC Odilon Kossounou
75%
Ivory Coast 6 CM FC Porto Seko Fofana
75%
Ivory Coast 1 GK Caykur Rizespor Yahia Fofana
75%
Ivory Coast 23 GK Panathinaikos Alban Lafont
50%
Ivory Coast 9 ST Inter Milan Ange-Yoan Bonny
50%
Ivory Coast 24 LW TSG 1899 Hoffenheim Bazoumana Touré
50%
Ivory Coast 12 ST OGC Nice Elye Wahi
50%
Ivory Coast Manager Ivory Coast Emerse Faé
50%
Ivory Coast 20 CB Besiktas JK Emmanuel Agbadou
50%
Ivory Coast 21 CB AS Roma Evan Ndicka
50%
Ivory Coast 22 RW Crystal Palace Evann Guessand
50%
Ivory Coast 8 CM Al-Ahli SFC Franck Kessié
50%
Ivory Coast 4 DM NK Maribor Jean Michaël Seri
50%
Ivory Coast 2 CB Sporting CP Ousmane Diomande
50%
Ivory Coast 10 LW AS Monaco Simon Adingra
50%
Ivory Coast 11 LW RB Leipzig Yan Diomande
50%
Ivory Coast 26 CM Trabzonspor Christ Inao Oulaï
25%
Ivory Coast 3 LB Gil Vicente FC Ghislain Konan
25%
Ivory Coast 16 GK Royal Charleroi SC Mohamed Koné
25%
Ivory Coast 14 ST Cercle Brugge Oumar Diakité
25%
Ivory Coast 5 CB Galatasaray Wilfried Singo
25%
Ivory Coast 13 LB Basaksehir FK Christopher Operi
0%
Ivory Coast 25 LW Royal Charleroi SC Parfait Guiagon
0%
No matching quizzes found
Score Distribution
Percent of People with Each Score
Percentile by Number Answered
Your Score History
You have not taken this quiz